000 00813nam a2200181Ia 4500
008 151018s9999 xx 000 0 und d
082 _bRBASDV40798
_a340
100 _aअरुणकुमार मुखेडकर
245 _aन्याय वैद्यकशास्त्र आणि विषशास्त्र
250 _b1
260 _bशिवांश पब्लिकेशन
_c2005
300 _a341
600 _aअरुणकुमार मुखेडकर
630 _aन्याय वैद्यकशास्त्र आणि विषशास्त्र
700 _aअरुणकुमार मुखेडकर
730 _aन्याय वैद्यकशास्त्र आणि विषशास्त्र
942 _cBOOK
999 _c1040072
_d1040069